000 00889nam a2200241Ia 4500
005 20250425162119.0
008 250425s9999 xx 000 0 und d
020 _a0967261910
041 _aspa
082 _a920
100 _aMALO, SIMON E.
245 0 _aEL ZAMORANO: AFRONTANDO EL RETO DE LA AMERICA TROPICAL
250 _a1A ED.
260 _aEstados Unidos
_bSIMBAD BOOKS
_c1999
260 _aNEW YORK
300 _a668
500 _aD-30473/474 C.2 CIBGZ-FIMCP PARA ING. AGROPECUARIA
520 _aSAMUEL ZAMURRAY LLEGO A AMERICA ADOLESCENTE AUN QUE SE CONVERTIRIA EN UN PODEROSO MAGNATE Y QUIEN ENTRE SUS MUCHAS OBRAS Y EMPRESAS ESTABLERIA UNA SINGULAR INSTITUCION EN LATINOAMERICA LA ESCUELA AGRICOLA PANAMERICANA. TENIA UN LIGERO ACENTO RUSO Y CAPTAB
650 _aESCUELA AGRICOLA PANAMERICANA, ZAMORANO
650 _aHISTORIA
942 _c01
010 _a50866
999 _c222590
_d222590